[Event "Najdorf Memorial"]
[Site "Warsaw POL"]
[Date "2021.07.16"]
[Round "7.15"]
[White "Celinski, Kamil"]
[Black "Kaczmarek, Aleksander"]
[Result "0-1"]
[WhiteElo "1988"]
[BlackElo "2371"]
[EventDate "2021.07.10"]
[PlyCount "66"]
[LiveChessVersion "1.4.8"]

1.e4 {[%clk 1:30:56]} 1...c5 {[%clk 1:30:56]} 2.Nf3 {[%clk 1:31:23]} 2...Nc6
{[%clk 1:31:24]} 3.Bb5 {[%clk 1:31:47]} 3...a6 {[%clk 1:25:35]} 4.Bxc6 {[%clk
1:32:10]} 4...bxc6 {[%clk 1:25:44]} 5.O-O {[%clk 1:32:01]} 5...Qc7 {[%clk
1:22:43]} 6.c4 {[%clk 1:28:07]} 6...e5 {[%clk 1:20:42]} 7.d3 {[%clk 1:27:27]}
7...d6 {[%clk 1:15:26]} 8.Be3 {[%clk 1:26:00]} 8...Rb8 {[%clk 1:13:18]} 9.Nfd2
{[%clk 1:24:48]} 9...g6 {[%clk 1:10:03]} 10.Nc3 {[%clk 1:20:59]} 10...Bg7
{[%clk 1:08:40]} 11.Qa4 {[%clk 1:12:21]} 11...Nf6 {[%clk 1:02:20]} 12.Nd5
{[%clk 1:10:51]} 12...Nxd5 {[%clk 1:02:04]} 13.cxd5 {[%clk 1:11:19]} 13...Bd7
{[%clk 0:55:55]} 14.dxc6 {[%clk 1:10:24]} 14...Bxc6 {[%clk 0:55:51]} 15.Qxa6
{[%clk 1:09:20]} 15...O-O {[%clk 0:50:31]} 16.Qc4 {[%clk 1:07:38]} 16...Kh8
{[%clk 0:50:38]} 17.Rfc1 {[%clk 1:06:03]} 17...f5 {[%clk 0:50:09]} 18.f3 {[%clk
1:05:50]} 18...Rxb2 {[%clk 0:46:01]} 19.Nb3 {[%clk 1:03:48]} 19...Ra8 {[%clk
0:36:25]} 20.h3 {[%clk 0:53:20]} 20...Qe7 {[%clk 0:35:35]} 21.Rcb1 {[%clk
0:47:30]} 21...Re2 {[%clk 0:34:27]} 22.Bf2 {[%clk 0:47:03]} 22...Bh6 {[%clk
0:30:19]} 23.Kf1 {[%clk 0:43:22]} 23...Rxf2+ {[%clk 0:28:10]} 24.Kxf2 {[%clk
0:43:46]} 24...Qh4+ {[%clk 0:28:30]} 25.g3 {[%clk 0:28:40]} 25...Qg5 {[%clk
0:28:51]} 26.Qc2 {[%clk 0:23:07]} 26...Rf8 {[%clk 0:24:30]} 27.h4 {[%clk
0:20:56]} 27...Qe3+ {[%clk 0:24:40]} 28.Kg2 {[%clk 0:20:58]} 28...fxe4 {[%clk
0:25:01]} 29.fxe4 {[%clk 0:20:43]} 29...Rf3 {[%clk 0:25:12]} 30.Rg1 {[%clk
0:18:32]} 30...Rxg3+ {[%clk 0:25:34]} 31.Kh1 {[%clk 0:18:43]} 31...Rh3+ {[%clk
0:25:57]} 32.Qh2 {[%clk 0:18:55]} 32...Bf4 {[%clk 0:25:53]} 33.Qxh3 {[%clk
0:19:09]} 33...Qxh3# {[%clk 0:25:47]} 0-1

[Event "Najdorf Memorial"]
[Site "Warsaw POL"]
[Date "2021.07.16"]
[Round "7.16"]
[White "Kokoszczynski, Jan"]
[Black "Ustianovich, Nazar"]
[Result "1/2-1/2"]
[WhiteElo "2219"]
[BlackElo "2358"]
[EventDate "2021.07.10"]
[PlyCount "43"]
[LiveChessVersion "1.4.8"]

1.d4 {[%clk 1:30:58]} 1...d5 {[%clk 1:26:18]} 2.c4 {[%clk 1:30:29]} 2...c6
{[%clk 1:26:48]} 3.cxd5 {[%clk 1:30:53]} 3...cxd5 {[%clk 1:27:17]} 4.Bf4 {[%clk
1:31:18]} 4...Nc6 {[%clk 1:27:47]} 5.e3 {[%clk 1:31:43]} 5...Nf6 {[%clk
1:28:15]} 6.Nc3 {[%clk 1:32:06]} 6...a6 {[%clk 1:28:43]} 7.Bd3 {[%clk 1:32:04]}
7...Bg4 {[%clk 1:29:12]} 8.Nge2 {[%clk 1:31:04]} 8...e6 {[%clk 1:29:41]} 9.Rc1
{[%clk 1:30:59]} 9...Bd6 {[%clk 1:29:42]} 10.f3 {[%clk 1:30:30]} 10...Bh5
{[%clk 1:30:12]} 11.Na4 {[%clk 1:30:01]} 11...O-O {[%clk 1:26:54]} 12.O-O
{[%clk 1:02:51]} 12...Bg6 {[%clk 1:16:23]} 13.Nc5 {[%clk 0:38:40]} 13...Bxf4
{[%clk 1:12:08]} 14.Nxf4 {[%clk 0:37:31]} 14...Qe7 {[%clk 1:10:28]} 15.Bxg6
{[%clk 0:31:10]} 15...hxg6 {[%clk 1:10:43]} 16.Nfd3 {[%clk 0:30:37]} 16...b6
{[%clk 1:00:23]} 17.Nxa6 {[%clk 0:26:18]} 17...Nxd4 {[%clk 0:35:54]} 18.Nc7
{[%clk 0:19:01]} 18...Rac8 {[%clk 0:32:34]} 19.exd4 {[%clk 0:19:02]} 19...Rxc7
{[%clk 0:33:03]} 20.Qb3 {[%clk 0:19:25]} 20...Rb8 {[%clk 0:21:04]} 21.Rxc7
{[%clk 0:19:02]} 21...Qxc7 {[%clk 0:21:29]} 22.Rc1 {[%clk 0:14:42]} 1/2-1/2

[Event "Najdorf Memorial"]
[Site "Warsaw POL"]
[Date "2021.07.16"]
[Round "7.17"]
[White "Nowak, Mikolaj"]
[Black "Malicka, Maria"]
[Result "1/2-1/2"]
[WhiteElo "2310"]
[BlackElo "2272"]
[EventDate "2021.07.10"]
[PlyCount "129"]
[LiveChessVersion "1.4.8"]

1.c4 {[%clk 1:30:57]} 1...e5 {[%clk 1:30:54]} 2.Nc3 {[%clk 1:31:12]} 2...Nf6
{[%clk 1:31:17]} 3.e3 {[%clk 1:31:39]} 3...d5 {[%clk 1:27:51]} 4.cxd5 {[%clk
1:31:50]} 4...Nxd5 {[%clk 1:28:15]} 5.Nf3 {[%clk 1:31:59]} 5...Nxc3 {[%clk
1:27:54]} 6.bxc3 {[%clk 1:32:21]} 6...Bd6 {[%clk 1:27:45]} 7.d4 {[%clk 1:32:41]}
7...Qe7 {[%clk 1:20:40]} 8.Rb1 {[%clk 1:30:51]} 8...O-O {[%clk 1:19:33]} 9.Qc2
{[%clk 1:28:44]} 9...Nd7 {[%clk 1:10:19]} 10.Bd3 {[%clk 1:27:43]} 10...Nf6
{[%clk 1:09:56]} 11.dxe5 {[%clk 1:17:26]} 11...Bxe5 {[%clk 1:10:20]} 12.Nxe5
{[%clk 1:17:48]} 12...Qxe5 {[%clk 1:10:47]} 13.O-O {[%clk 1:17:10]} 13...Ng4
{[%clk 0:56:10]} 14.f4 {[%clk 1:13:35]} 14...Qh5 {[%clk 0:56:32]} 15.h3 {[%clk
1:13:08]} 15...Nf6 {[%clk 0:56:53]} 16.e4 {[%clk 1:04:00]} 16...Rd8 {[%clk
0:52:14]} 17.e5 {[%clk 0:56:10]} 17...Nd5 {[%clk 0:43:19]} 18.Be4 {[%clk
0:47:41]} 18...c6 {[%clk 0:37:20]} 19.c4 {[%clk 0:40:52]} 19...Ne7 {[%clk
0:31:10]} 20.Be3 {[%clk 0:37:50]} 20...b6 {[%clk 0:17:14]} 21.f5 {[%clk
0:31:29]} 21...g6 {[%clk 0:17:23]} 22.f6 {[%clk 0:30:05]} 22...Nf5 {[%clk
0:17:47]} 23.Bf2 Be6 {[%clk 0:13:05]} 24.Bxc6 {[%clk 0:18:26]} 24...Rac8 {[%clk
0:13:31]} 25.Rbd1 {[%clk 0:18:22]} 25...Nd4 {[%clk 0:10:00]} 26.Rxd4 {[%clk
0:17:00]} 26...Rxd4 {[%clk 0:10:23]} 27.Bxd4 {[%clk 0:17:23]} 27...Rxc6 {[%clk
0:10:47]} 28.Qa4 {[%clk 0:16:38]} 28...Rc8 {[%clk 0:11:13]} 29.Qxa7 {[%clk
0:16:27]} 29...Qe2 {[%clk 0:07:48]} 30.Qxb6 {[%clk 0:15:43]} 30...Qxc4 {[%clk
0:06:08]} 31.a3 {[%clk 0:13:48]} 31...h6 {[%clk 0:06:28]} 32.Bf2 {[%clk
0:11:38]} 32...Kh7 {[%clk 0:04:52]} 33.Rd1 {[%clk 0:09:49]} 33...Qe2 {[%clk
0:03:24]} 34.Re1 {[%clk 0:09:55]} 34...Qa2 {[%clk 0:03:26]} 35.Qb4 {[%clk
0:09:37]} 35...Ra8 {[%clk 0:02:52]} 36.Qh4 {[%clk 0:07:55]} 36...Qc4 {[%clk
0:00:45]} 37.Qxc4 {[%clk 0:08:06]} 37...Bxc4 {[%clk 0:01:14]} 38.Bc5 {[%clk
0:08:17]} 38...g5 {[%clk 0:01:28]} 39.e6 {[%clk 0:07:49]} 39...Kg6 {[%clk
0:01:08]} 40.e7 {[%clk 0:37:37]} 40...Bb5 {[%clk 0:31:33]} 41.Rb1 {[%clk
0:36:59]} 41...Bc6 {[%clk 0:31:16]} 42.Rb6 {[%clk 0:37:03]} 42...Ba4 {[%clk
0:30:44]} 43.Bd4 {[%clk 0:35:12]} 43...Rc8 {[%clk 0:28:13]} 44.Rd6 {[%clk
0:31:41]} 44...Rc1+ {[%clk 0:27:16]} 45.Kf2 {[%clk 0:31:14]} 45...Rc2+ {[%clk
0:27:29]} 46.Kf3 {[%clk 0:30:58]} 46...h5 {[%clk 0:26:20]} 47.g4 {[%clk
0:30:07]} 47...h4 {[%clk 0:26:11]} 48.Rd8 {[%clk 0:27:10]} 48...Bc6+ {[%clk
0:21:52]} 49.Ke3 {[%clk 0:27:33]} 49...Rh2 {[%clk 0:21:59]} 50.e8=Q {[%clk
0:27:07]} 50...Rxh3+ {[%clk 0:22:12]} 51.Kf2 {[%clk 0:26:58]} 51...Bxe8 {[%clk
0:22:13]} 52.Rxe8 {[%clk 0:27:20]} 52...Rxa3 {[%clk 0:20:30]} 53.Rg8+ {[%clk
0:27:28]} 53...Kh6 {[%clk 0:20:58]} 54.Be3 {[%clk 0:25:57]} 54...Ra2+ {[%clk
0:20:31]} 55.Kf3 {[%clk 0:26:13]} 55...Ra3 {[%clk 0:20:18]} 56.Ke4 {[%clk
0:21:41]} 56...Ra4+ {[%clk 0:20:07]} 57.Bd4 {[%clk 0:21:11]} 57...Ra3 {[%clk
0:16:43]} 58.Be3 {[%clk 0:16:39]} 58...Ra4+ {[%clk 0:16:51]} 59.Ke5 {[%clk
0:16:08]} 59...Ra5+ {[%clk 0:11:53]} 60.Kd6 {[%clk 0:15:17]} 60...h3 {[%clk
0:09:42]} 61.Bd2 {[%clk 0:09:06]} 61...Rb5 {[%clk 0:04:30]} 62.Bc3 {[%clk
0:05:27]} 62...h2 {[%clk 0:03:01]} 63.Rh8+ {[%clk 0:05:39]} 63...Kg6 {[%clk
0:03:29]} 64.Rxh2 {[%clk 0:06:00]} 64...Rd5+ {[%clk 0:03:48]} 65.Kxd5 {[%clk
0:05:32]} 1/2-1/2

[Event "Najdorf Memorial"]
[Site "Warsaw POL"]
[Date "2021.07.16"]
[Round "7.18"]
[White "Bebel, Arkadiusz"]
[Black "Baum, Jonasz"]
[Result "1/2-1/2"]
[WhiteElo "2306"]
[BlackElo "2260"]
[EventDate "2021.07.10"]
[PlyCount "46"]
[LiveChessVersion "1.4.8"]

1.Nf3 {[%clk 1:30:56]} 1...c5 {[%clk 1:30:50]} 2.g3 {[%clk 1:31:16]} 2...Nc6
{[%clk 1:30:57]} 3.Bg2 {[%clk 1:31:35]} 3...g6 {[%clk 1:31:18]} 4.c4 {[%clk
1:31:47]} 4...Bg7 {[%clk 1:31:36]} 5.Nc3 {[%clk 1:32:08]} 5...d6 {[%clk
1:31:49]} 6.O-O {[%clk 1:32:18]} 6...e6 {[%clk 1:31:52]} 7.a3 {[%clk 1:24:21]}
7...Nge7 {[%clk 1:31:41]} 8.b4 {[%clk 1:24:18]} 8...O-O {[%clk 1:29:42]} 9.Rb1
{[%clk 1:21:06]} 9...b6 {[%clk 1:27:49]} 10.bxc5 {[%clk 1:13:39]} 10...dxc5
{[%clk 1:24:49]} 11.Qc2 {[%clk 1:13:21]} 11...Bb7 {[%clk 1:01:20]} 12.Ne4
{[%clk 1:03:40]} 12...Qc7 {[%clk 0:59:15]} 13.Bb2 {[%clk 1:04:01]} 13...e5
{[%clk 0:56:55]} 14.d3 {[%clk 1:03:30]} 14...Nd4 {[%clk 0:52:13]} 15.Bxd4
{[%clk 0:59:59]} 15...exd4 {[%clk 0:51:19]} 16.Ne1 {[%clk 0:53:53]} 16...Bc6
{[%clk 0:49:24]} 17.Nd2 {[%clk 0:52:51]} 17...Rfe8 {[%clk 0:48:02]} 18.Bxc6
{[%clk 0:43:42]} 18...Nxc6 {[%clk 0:48:07]} 19.Ndf3 {[%clk 0:43:19]} 19...Bh6
{[%clk 0:46:35]} 20.Ng2 {[%clk 0:41:45]} 20...Qd7 {[%clk 0:44:42]} 21.Rb2
{[%clk 0:40:33]} 21...Qh3 {[%clk 0:42:25]} 22.Qa4 {[%clk 0:35:39]} 22...Rac8
{[%clk 0:41:07]} 23.Ra1 {[%clk 0:21:53]} 23...Rc7 {[%clk 0:29:26]} 1/2-1/2

[Event "Najdorf Memorial"]
[Site "Warsaw POL"]
[Date "2021.07.16"]
[Round "7.19"]
[White "Reza, Wojciech"]
[Black "Dzhuguryan, Tygran"]
[Result "0-1"]
[WhiteElo "2304"]
[BlackElo "2176"]
[EventDate "2021.07.10"]
[PlyCount "70"]
[LiveChessVersion "1.4.8"]

1.e4 c6 2.d4 d5 3.Nc3 h6 4.Nf3 dxe4 5.Nxe4 Bf5 6.Bd3 Bxe4 7.Bxe4 Nf6 8.Bd3 e6
9.Qe2 Nbd7 10.O-O Bd6 11.c4 O-O 12.Bd2 Re8 13.Bc3 Qe7 14.Qd2 Rad8 15.Rfe1 Qf8
16.b4 Bb8 17.Rad1 Qd6 18.Qb2 Qc7 19.Ne5 Nxe5 20.dxe5 Nh7 21.g3 Nf8 22.h4 Re7
23.Bb1 Red7 24.Rc1 a6 25.Re4 Ba7 26.Kg2 Rd1 27.Rxd1 Rxd1 28.Bd2 Qd8 29.Re2 Qd4
30.Qc2 Rxb1 31.Qxb1 Qxc4 32.Re4 Qd5 33.Bc3 Ng6 34.Kg1 Ne7 35.Re1 Qf3 0-1

[Event "Najdorf Memorial"]
[Site "Warsaw POL"]
[Date "2021.07.16"]
[Round "7.20"]
[White "Chylewski, Patryk"]
[Black "Kacprzak, Karol"]
[Result "1-0"]
[WhiteElo "2290"]
[BlackElo "2151"]
[EventDate "2021.07.10"]
[PlyCount "95"]
[LiveChessVersion "1.4.8"]

1.e4 c5 2.Nf3 d6 3.Bb5+ Bd7 4.Bxd7+ Qxd7 5.O-O Nf6 6.Qe2 Nc6 7.Rd1 e6 8.d4 cxd4
9.Nxd4 Rc8 10.Nf3 Qc7 11.Bf4 Ne5 12.Bxe5 dxe5 13.c3 a6 14.Nbd2 Bc5 15.Ne1 O-O
16.Nd3 Rfd8 17.Nxc5 Qxc5 18.Nb3 Qb6 19.Rab1 h6 20.g3 Qc6 21.f3 Qa4 22.Ra1 Ne8
23.Rd3 Rd6 24.Rxd6 Nxd6 25.Nc1 Rd8 26.b3 Qc6 27.Qe3 f5 28.Nd3 fxe4 29.Nxe5 Qd5
30.Ng6 Nf5 31.fxe4 Nxe3 32.exd5 Nxd5 33.Rd1 Rb8 34.c4 Nb4 35.Rd2 Nc6 36.Rd7 b5
37.Rd6 Nb4 38.a3 Nc2 39.c5 Kh7 40.Ne5 a5 41.Nd7 Rc8 42.c6 Ne3 43.Rxe6 Nd5
44.Re5 Nc7 45.Nb6 Rd8 46.Re7 Rd1+ 47.Kf2 Na6 48.Ra7 1-0

[Event "Najdorf Memorial"]
[Site "Warsaw POL"]
[Date "2021.07.16"]
[Round "7.21"]
[White "Zylka, Stanislaw"]
[Black "Dwilewicz, Katarzyna"]
[Result "1/2-1/2"]
[WhiteElo "2362"]
[BlackElo "2082"]
[EventDate "2021.07.10"]
[PlyCount "65"]
[LiveChessVersion "1.4.8"]

1.c4 {[%clk 1:29:19]} 1...Nf6 {[%clk 1:30:32]} 2.Nc3 {[%clk 1:29:12]} 2...e6
{[%clk 1:30:20]} 3.Nf3 {[%clk 1:28:54]} 3...d5 {[%clk 1:29:35]} 4.e3 {[%clk
1:29:06]} 4...a6 {[%clk 1:24:42]} 5.b3 {[%clk 1:28:20]} 5...c5 {[%clk 1:19:09]}
6.Bb2 {[%clk 1:27:47]} 6...Nc6 {[%clk 1:17:41]} 7.cxd5 {[%clk 1:22:57]}
7...exd5 {[%clk 1:15:40]} 8.d4 {[%clk 1:23:06]} 8...cxd4 {[%clk 1:08:54]}
9.Nxd4 {[%clk 1:22:29]} 9...Bc5 {[%clk 1:06:34]} 10.Nxc6 {[%clk 1:22:02]}
10...bxc6 {[%clk 1:06:56]} 11.Bd3 {[%clk 1:21:50]} 11...O-O {[%clk 1:06:34]}
12.O-O {[%clk 1:22:02]} 12...Re8 {[%clk 1:01:17]} 13.h3 {[%clk 1:17:55]}
13...Bd6 {[%clk 0:51:30]} 14.Qf3 {[%clk 1:15:39]} 14...Qe7 {[%clk 0:50:06]}
15.Rfd1 {[%clk 1:14:20]} 15...Nd7 {[%clk 0:35:13]} 16.Bc2 {[%clk 0:55:54]}
16...Ne5 {[%clk 0:32:09]} 17.Qh5 {[%clk 0:52:51]} 17...g6 {[%clk 0:30:56]}
18.Qh6 {[%clk 0:52:57]} 18...f6 {[%clk 0:20:20]} 19.e4 {[%clk 0:45:10]}
19...Nf7 {[%clk 0:09:05]} 20.Qd2 {[%clk 0:44:58]} 20...Qe5 {[%clk 0:07:14]}
21.f4 {[%clk 0:42:55]} 21...Qxf4 {[%clk 0:07:37]} 22.Qxf4 {[%clk 0:43:13]}
22...Bxf4 {[%clk 0:08:05]} 23.exd5 {[%clk 0:43:22]} 23...Bb7 {[%clk 0:04:18]}
24.Ne4 {[%clk 0:43:13]} 24...Bg5 {[%clk 0:04:26]} 25.d6 {[%clk 0:40:12]}
25...c5 {[%clk 0:03:58]} 26.Nxg5 {[%clk 0:36:32]} 26...fxg5 {[%clk 0:02:42]}
27.Rd2 {[%clk 0:33:32]} 27...Nxd6 {[%clk 0:02:35]} 28.Rxd6 {[%clk 0:33:30]}
28...Re2 {[%clk 0:03:01]} 29.Rc1 {[%clk 0:32:02]} 29...Rxg2+ {[%clk 0:03:02]}
30.Kf1 {[%clk 0:32:20]} 30...Rh2 {[%clk 0:02:12]} 31.Kg1 {[%clk 0:15:42]}
31...Rg2+ {[%clk 0:02:40]} 32.Kf1 {[%clk 0:16:00]} 32...Rh2 {[%clk 0:03:06]}
33.Kg1 {[%clk 0:02:04]} 1/2-1/2

[Event "Najdorf Memorial"]
[Site "Warsaw POL"]
[Date "2021.07.16"]
[Round "7.22"]
[White "Godzwon, Iwo"]
[Black "Lisowski, Krzysztof"]
[Result "1-0"]
[WhiteElo "2375"]
[BlackElo "2170"]
[EventDate "2021.07.10"]
[PlyCount "109"]
[LiveChessVersion "1.4.8"]

1.e4 {[%clk 1:30:58]} 1...c6 {[%clk 1:27:50]} 2.d4 {[%clk 1:31:21]} 2...d5
{[%clk 1:28:13]} 3.e5 {[%clk 1:31:46]} 3...Bf5 {[%clk 1:27:51]} 4.Nf3 {[%clk
1:30:15]} 4...e6 {[%clk 1:27:54]} 5.Be2 {[%clk 1:30:33]} 5...Nd7 {[%clk
1:27:55]} 6.Nbd2 {[%clk 1:30:58]} 6...Ne7 {[%clk 1:19:19]} 7.Nb3 {[%clk
1:31:22]} 7...Be4 {[%clk 1:05:49]} 8.O-O {[%clk 1:27:16]} 8...Rc8 {[%clk
0:52:24]} 9.Bd3 {[%clk 1:06:32]} 9...Bxd3 {[%clk 0:31:28]} 10.cxd3 {[%clk
1:06:51]} 10...Nf5 {[%clk 0:26:49]} 11.Be3 {[%clk 1:07:11]} 11...Be7 {[%clk
0:19:08]} 12.Rc1 {[%clk 1:02:04]} 12...O-O {[%clk 0:12:20]} 13.Rc2 {[%clk
0:54:28]} 13...h5 {[%clk 0:06:06]} 14.Qd2 {[%clk 0:54:10]} 14...g6 {[%clk
0:04:06]} 15.Rfc1 {[%clk 0:52:56]} 15...Kg7 {[%clk 0:03:37]} 16.Bf4 {[%clk
0:51:49]} 16...Rh8 {[%clk 0:03:32]} 17.g3 {[%clk 0:48:02]} 17...Rh7 {[%clk
0:01:39]} 18.h3 {[%clk 0:45:02]} 18...Rh8 {[%clk 0:01:42]} 19.a3 {[%clk
0:42:36]} 19...Rh7 {[%clk 0:01:27]} 20.Bg5 {[%clk 0:41:42]} 20...Bxg5 {[%clk
0:00:56]} 21.Nxg5 {[%clk 0:42:10]} 21...Rh8 {[%clk 0:01:15]} 22.Qf4 {[%clk
0:42:37]} 22...Qe7 {[%clk 0:01:15]} 23.h4 {[%clk 0:41:54]} 23...Rc7 {[%clk
0:01:02]} 24.Na5 {[%clk 0:42:16]} 24...Rhc8 {[%clk 0:00:53]} 25.b4 {[%clk
0:41:51]} 25...Nb8 {[%clk 0:00:52]} 26.Nb3 {[%clk 0:35:10]} 26...Na6 {[%clk
0:00:37]} 27.Rc3 {[%clk 0:34:25]} 27...Nb8 {[%clk 0:00:36]} 28.R1c2 {[%clk
0:34:36]} 28...a6 {[%clk 0:00:34]} 29.Nd2 {[%clk 0:30:48]} 29...Nd7 {[%clk
0:00:57]} 30.Nf1 {[%clk 0:31:15]} 30...Nb6 {[%clk 0:01:04]} 31.Ne3 {[%clk
0:31:41]} 31...Na4 {[%clk 0:01:14]} 32.Nxf5+ {[%clk 0:32:03]} 32...gxf5 {[%clk
0:00:45]} 33.Rb3 {[%clk 0:32:30]} 33...Rh8 {[%clk 0:00:55]} 34.Qf3 {[%clk
0:32:46]} 34...Rcc8 {[%clk 0:00:56]} 35.Nh3 {[%clk 0:33:05]} 35...Rh6 {[%clk
0:01:07]} 36.Nf4 {[%clk 0:33:32]} 36...Rch8 {[%clk 0:01:29]} 37.Rb1 {[%clk
0:33:44]} 37...Qd8 {[%clk 0:00:47]} 38.Qd1 {[%clk 0:33:44]} 38...Qb6 {[%clk
0:00:39]} 39.Rcc1 {[%clk 0:34:11]} 39...Qb5 {[%clk 0:00:51]} 40.Kg2 {[%clk
0:54:18]} 40...R8h7 {[%clk 0:31:11]} 41.Nh3 {[%clk 0:53:23]} 41...Rh8 {[%clk
0:18:36]} 42.Nf4 {[%clk 0:48:08]} 42...R8h7 {[%clk 0:18:35]} 43.Rc5 {[%clk
0:30:14]} 43...Nxc5 {[%clk 0:18:38]} 44.dxc5 {[%clk 0:30:42]} 44...a5 {[%clk
0:17:32]} 45.a4 {[%clk 0:31:11]} 45...Qa6 {[%clk 0:17:49]} 46.b5 {[%clk
0:31:40]} 46...cxb5 {[%clk 0:10:28]} 47.Rxb5 {[%clk 0:32:02]} 47...Rh8 {[%clk
0:03:20]} 48.Rb6 {[%clk 0:31:53]} 48...Qa7 {[%clk 0:02:19]} 49.d4 {[%clk
0:32:17]} 49...Qa8 {[%clk 0:01:07]} 50.Qb3 {[%clk 0:32:38]} 50...Rb8 {[%clk
0:00:55]} 51.c6 {[%clk 0:33:03]} 51...Rhh8 {[%clk 0:00:38]} 52.cxb7 {[%clk
0:33:29]} 52...Qa7 {[%clk 0:01:05]} 53.Nd3 {[%clk 0:32:26]} 53...Rhe8 {[%clk
0:01:07]} 54.Nc5 {[%clk 0:32:07]} 54...Re7 {[%clk 0:01:02]} 55.Qb5 {[%clk
0:32:34]} 1-0

[Event "Najdorf Memorial"]
[Site "Warsaw POL"]
[Date "2021.07.16"]
[Round "7.23"]
[White "Sowul, Bartosz"]
[Black "Lukasiewicz, Krzysztof"]
[Result "1-0"]
[WhiteElo "2186"]
[BlackElo "2359"]
[EventDate "2021.07.10"]
[PlyCount "125"]
[LiveChessVersion "1.4.8"]

1.Nf3 {[%clk 1:30:56]} 1...Nf6 {[%clk 1:29:59]} 2.c4 {[%clk 1:31:17]} 2...g6
{[%clk 1:30:01]} 3.g3 {[%clk 1:31:38]} 3...Bg7 {[%clk 1:30:26]} 4.Bg2 {[%clk
1:32:02]} 4...O-O {[%clk 1:30:49]} 5.d4 {[%clk 1:31:31]} 5...d6 {[%clk 1:31:10]}
6.Nc3 {[%clk 1:31:56]} 6...c6 {[%clk 1:21:30]} 7.O-O {[%clk 1:32:11]} 7...a5
{[%clk 1:20:24]} 8.e4 {[%clk 1:21:54]} 8...Qc7 {[%clk 1:13:13]} 9.h3 {[%clk
1:20:03]} 9...Na6 {[%clk 1:08:16]} 10.Be3 {[%clk 1:14:12]} 10...e5 {[%clk
0:59:32]} 11.Re1 {[%clk 1:14:15]} 11...Nd7 {[%clk 0:49:16]} 12.Qd2 {[%clk
1:02:03]} 12...Re8 {[%clk 0:47:30]} 13.Rad1 {[%clk 0:58:37]} 13...Rb8 {[%clk
0:45:06]} 14.b3 {[%clk 0:47:49]} 14...b5 {[%clk 0:31:16]} 15.cxb5 {[%clk
0:44:47]} 15...cxb5 {[%clk 0:31:42]} 16.Nd5 {[%clk 0:45:06]} 16...Qd8 {[%clk
0:32:09]} 17.Bg5 {[%clk 0:45:06]} 17...f6 {[%clk 0:32:32]} 18.Be3 {[%clk
0:45:05]} 18...b4 {[%clk 0:25:43]} 19.Bf1 {[%clk 0:36:35]} 19...Nc7 {[%clk
0:24:31]} 20.dxe5 {[%clk 0:34:56]} 20...dxe5 {[%clk 0:24:42]} 21.Nb6 {[%clk
0:33:48]} 21...Re7 {[%clk 0:22:10]} 22.Bc5 {[%clk 0:33:26]} 22...Qe8 {[%clk
0:22:37]} 23.Nxc8 {[%clk 0:16:59]} 23...Nxc5 {[%clk 0:22:36]} 24.Nxe7+ {[%clk
0:17:24]} 24...Qxe7 {[%clk 0:23:02]} 25.Qc2 {[%clk 0:17:10]} 25...Bh6 {[%clk
0:22:49]} 26.Bc4+ {[%clk 0:16:01]} 26...Kh8 {[%clk 0:23:07]} 27.Kg2 {[%clk
0:15:32]} 27...Rc8 {[%clk 0:23:11]} 28.Qb2 {[%clk 0:14:37]} 28...Ne8 {[%clk
0:23:03]} 29.a3 {[%clk 0:13:24]} 29...Nd6 {[%clk 0:23:25]} 30.axb4 {[%clk
0:11:03]} 30...axb4 {[%clk 0:22:51]} 31.Nd2 {[%clk 0:05:16]} 31...Bxd2 {[%clk
0:16:40]} 32.Qxd2 {[%clk 0:04:43]} 32...Ncxe4 {[%clk 0:16:45]} 33.Qxb4 {[%clk
0:04:20]} 33...Qa7 {[%clk 0:15:34]} 34.Re2 {[%clk 0:04:10]} 34...Rb8 {[%clk
0:15:39]} 35.Qe1 {[%clk 0:04:27]} 35...Nxc4 {[%clk 0:15:21]} 36.Rxe4 {[%clk
0:02:49]} 36...Qb7 {[%clk 0:15:30]} 37.bxc4 f5 {[%clk 0:15:56]} 38.Rd5 {[%clk
0:01:38]} 38...fxe4 {[%clk 0:16:50]} 39.Qxe4 Re8 40.h4 {[%clk 0:31:12]}
40...Kg8 {[%clk 0:43:36]} 41.Kg1 {[%clk 0:28:08]} 41...Qb2 {[%clk 0:39:23]}
42.Rd7 {[%clk 0:14:26]} 42...Rf8 {[%clk 0:32:52]} 43.Qd5+ {[%clk 0:14:00]}
43...Kh8 {[%clk 0:33:18]} 44.Rf7 {[%clk 0:13:52]} 44...Rxf7 {[%clk 0:31:18]}
45.Qxf7 {[%clk 0:14:14]} 45...Qb4 {[%clk 0:31:27]} 46.Qe8+ {[%clk 0:14:07]}
46...Kg7 {[%clk 0:31:53]} 47.Qxe5+ {[%clk 0:14:33]} 47...Kg8 {[%clk 0:32:03]}
48.Qe8+ {[%clk 0:14:39]} 48...Kg7 {[%clk 0:32:27]} 49.Qe5+ {[%clk 0:15:05]}
49...Kg8 {[%clk 0:32:52]} 50.Qd5+ {[%clk 0:15:14]} 50...Kg7 {[%clk 0:33:18]}
51.Kg2 {[%clk 0:14:37]} 51...Qc3 {[%clk 0:33:36]} 52.c5 {[%clk 0:14:30]}
52...Qc2 {[%clk 0:33:51]} 53.c6 {[%clk 0:13:31]} 53...Kh6 {[%clk 0:34:16]}
54.Kg1 {[%clk 0:12:33]} 54...Qc1+ {[%clk 0:34:41]} 55.Kh2 {[%clk 0:12:42]}
55...Qc2 {[%clk 0:35:00]} 56.Kg2 {[%clk 0:12:51]} 56...Kg7 {[%clk 0:34:05]}
57.Qd7+ {[%clk 0:12:40]} 57...Kh6 {[%clk 0:34:31]} 58.c7 {[%clk 0:12:12]}
58...Qe4+ {[%clk 0:34:58]} 59.Kh2 {[%clk 0:12:36]} 59...Qc2 {[%clk 0:35:06]}
60.Qf7 {[%clk 0:09:03]} 60...Qc5 {[%clk 0:35:28]} 61.Kg2 {[%clk 0:07:40]}
61...Qc6+ {[%clk 0:35:51]} 62.f3 {[%clk 0:07:18]} 62...Qc5 {[%clk 0:32:10]}
63.g4 {[%clk 0:06:52]} 1-0

[Event "Najdorf Memorial"]
[Site "Warsaw POL"]
[Date "2021.07.16"]
[Round "7.24"]
[White "Goluch, Piotr"]
[Black "Sanz Losada, Victoriano"]
[Result "1-0"]
[WhiteElo "2333"]
[BlackElo "2140"]
[EventDate "2021.07.10"]
[PlyCount "77"]
[LiveChessVersion "1.4.8"]

1.d4 {[%clk 1:30:55]} 1...Nf6 {[%clk 1:30:51]} 2.c4 {[%clk 1:31:18]} 2...g6
{[%clk 1:31:11]} 3.Nc3 {[%clk 1:31:38]} 3...Bg7 {[%clk 1:31:32]} 4.e4 {[%clk
1:32:03]} 4...d6 {[%clk 1:31:55]} 5.Nf3 {[%clk 1:32:28]} 5...O-O {[%clk
1:32:16]} 6.h3 {[%clk 1:32:55]} 6...c5 {[%clk 1:32:30]} 7.d5 {[%clk 1:33:15]}
7...b5 {[%clk 1:32:37]} 8.cxb5 {[%clk 1:33:31]} 8...a6 {[%clk 1:33:03]} 9.bxa6
{[%clk 1:33:10]} 9...Nxa6 {[%clk 1:33:12]} 10.Bc4 {[%clk 1:33:01]} 10...Nc7
{[%clk 1:33:15]} 11.O-O {[%clk 1:32:19]} 11...e6 {[%clk 1:33:20]} 12.dxe6
{[%clk 1:30:54]} 12...Bxe6 {[%clk 1:30:41]} 13.Bxe6 {[%clk 1:30:42]} 13...Nxe6
{[%clk 1:30:56]} 14.Be3 {[%clk 1:29:18]} 14...h6 {[%clk 1:23:58]} 15.Qd2 {[%clk
1:26:27]} 15...Kh7 {[%clk 1:24:18]} 16.Rfd1 {[%clk 1:26:42]} 16...Qb8 {[%clk
1:24:09]} 17.Rab1 {[%clk 1:22:33]} 17...Rd8 {[%clk 1:21:43]} 18.Qc2 {[%clk
1:21:55]} 18...Qb7 {[%clk 1:14:45]} 19.a3 {[%clk 1:13:06]} 19...d5 {[%clk
1:02:23]} 20.exd5 {[%clk 1:13:31]} 20...Nxd5 {[%clk 1:02:47]} 21.Nxd5 {[%clk
1:13:55]} 21...Rxd5 {[%clk 1:03:11]} 22.Rxd5 {[%clk 1:12:05]} 22...Qxd5 {[%clk
1:03:36]} 23.Nd2 {[%clk 1:12:05]} 23...f5 {[%clk 1:02:28]} 24.Qc4 {[%clk
1:11:37]} 24...Qd7 {[%clk 1:02:13]} 25.Nb3 {[%clk 1:06:52]} 25...Ra4 {[%clk
0:46:44]} 26.Qc2 {[%clk 1:07:16]} 26...Qb5 {[%clk 0:44:52]} 27.f3 {[%clk
0:53:39]} 27...c4 {[%clk 0:28:59]} 28.Nd2 {[%clk 0:53:22]} 28...Bd4 {[%clk
0:18:47]} 29.Nf1 {[%clk 0:48:15]} 29...Ra7 {[%clk 0:17:02]} 30.Re1 {[%clk
0:40:52]} 30...Rb7 {[%clk 0:14:27]} 31.Bxd4 {[%clk 0:41:16]} 31...Nxd4 {[%clk
0:14:51]} 32.Qf2 {[%clk 0:41:24]} 32...Nc6 {[%clk 0:11:09]} 33.Re2 {[%clk
0:38:43]} 33...Ne5 {[%clk 0:09:54]} 34.Qd4 {[%clk 0:28:47]} 34...Nd3 {[%clk
0:06:26]} 35.Ne3 {[%clk 0:28:49]} 35...Ne5 {[%clk 0:01:12]} 36.Nd5 {[%clk
0:28:35]} 36...c3 {[%clk 0:01:01]} 37.Nxc3 {[%clk 0:28:24]} 37...Nc4 38.Nd5
Nxb2 39.Nf6+ 1-0